000 01187nmc a2200445 a 4500
003 AR-BaBNM
005 20251128205130.0
008 086119s1989 ||||||||||||||000 | spa||
020 _a84-7639-111-0
040 _cAR-BaBNM
245 1 0 _aConocimiento y comunicación
250 _a1ª ed.
260 _aBarcelona
_bMontesinos
_c1989
300 _a389 p.
490 0 _aSociedad y conocimiento
_vV. 1
650 4 _aSOCIOLOGIA CULTURAL
650 4 _aSEMIOLOGIA
650 4 _aSOCIOLOGIA DE LA COMUNICACION
650 4 _aSOCIOLOGIA DEL CONOCIMIENTO
650 4 _aTEORIA DEL CONOCIMIENTO
650 4 _aCIENCIAS SOCIALES
650 4 _aMETODOLOGIA
650 4 _aESTUDIOS CULTURALES
650 4 _aIDEOLOGIAS
653 _aMODERNIDAD
653 _aANALISIS DEL DISCURSO
653 _aPOSMODERNIDAD
700 1 _aCaamaño, M.R.
700 1 _aCampoy, Margarita
700 1 _aCasal Ribas, P.
700 1 _aDoncel, Luis V.
700 1 _aEsteban, Concepción G.
700 1 _aGonzález León, R.
700 1 _aLatorre, Laureano P.
700 1 _aMolina, Angel M.
700 1 _aSmart, Barry
700 1 _aUña, O.
_eeditor
942 _cBK
998 _cMARTIN
999 _c10118
_d10118